Športové posolstvá Svetového dňa bez tabaku na ceremoniáli v Bratislave regionálny riaditeľ SZO pre Európu M. Danzon

Bibliographic Details
Main Author: Žiaková, Magda (Author)
Format: Article
Language:Slovak
ISSN:1335-4477
Subjects:

MARC

LEADER 00000nab a2200000 a 4500
001 vtls000798031
003 SK-MaSNL
005 20260304235048.0
008 140303c2002 xo 0 slo
015 |a SNBRB2002/06-19883 
035 |a CLN000149686 
040 |a SNKBUCL  |b slo  |c SNKBUCL  |e AACR2 
041 0 |a slo 
044 |a xo  |c SK 
080 |a 613.84:061.1(100):614  |2 1997 
080 |a 614:061.1(100):613.84  |2 1997 
080 |a 061.1(100):614:613.84  |2 1997 
100 1 |a Žiaková, Magda  |4 aut  |9 839575 
245 1 0 |a Športové posolstvá Svetového dňa bez tabaku  |b na ceremoniáli v Bratislave regionálny riaditeľ SZO pre Európu M. Danzon  |c Magda Žiaková 
610 2 7 |a Svetová zdravotnícka organizácia  |x fajčenie  |2 snkbucl  |9 855452 
611 1 7 |a Svetový deň bez tabaku  |d 2002  |x kampane športové  |2 snkbucl  |9 1572190 
650 0 7 |a fajčenie  |2 snkbucl  |9 2509 
655 7 |a články z novín a časopisov  |2 snkbucl  |9 267496 
773 0 |t Zdravotnícke noviny  |g Roč. 7, č. 23 (2002), s. 1  |x 1335-4477 
850 |a Slovenská národná knižnica v Martine 
852 |a SNK  |b KIS3GCP 
958 |a MI 
958 |a SK 
992 |a RBX 
999 |c 3207136  |d 3209066